| 000 | 00452nam a22001577a 4500 | ||
|---|---|---|---|
| 005 | 20190917144301.0 | ||
| 008 | 190917b xxu||||| |||| 00| 0 eng d | ||
| 020 | _a978-93-86478-52-8 | ||
| 041 | _aeng | ||
| 100 |
_aRAJE, V.N. _95090 |
||
| 245 | _aHEALTH EDUCATION AND COMMUNITY PHARMACY:for first year diploma in pharmacy | ||
| 250 | _a3rd Ed. 2018 | ||
| 260 |
_aNEW DELHI _bC B S PUBLISHERS AND DISTRIBUTORS PVT.LTD |
||
| 300 | _a194p, | ||
| 942 | _cBK | ||
| 999 |
_c6000 _d5998 |
||